Les Pays d'Océanie - Mort subite - Languages Update - Statistiques

Statistiques générales
  • Ce quiz a été pris 170 fois
  • Le résultat moyen est 7 sur 8
Answers on the Grid
Answers color-coded by a green-red scale on the quiz's grid according to % correct below.
Nauru
Micronésie
Fidji
Tuvalu
Vanuatu
Îles Salomon
Tonga
Australie
Canada
Inde
Barbade
Chine
Malte
Dominique
Maldives
 
Statistiques - réponses
Réponse % Correct
Îles Salomon
97%
Nauru
94%
Vanuatu
94%
Fidji
90%
Tuvalu
90%
Australie
87%
Micronésie
87%
Tonga
84%
Aucun quiz correspondant
Distribution des résultats
% des personnes avec chaque résultat
Percentile par nombre de réponses
Votre historique - résultats
Vous n’avez pas pris ce quiz